000
00345 a2200157 4500
001
75284
020
_a
8508045034
040
_c
Anchieta - Colégio São Paulo
100
_a
Guimarães, Bernardo
240
1
0
_a
O seminarista
_l
por
245
1
0
_a
O seminarista
300
_a
102
362
0
_a
1998
650
4
_a
Ficção portuguesa
942
_c
BK
999
_c
75284
_d
75284